Nové prvky v poštovej logistike

Využitie RFID technológie v oblasti merania kvality služieb poštových logistických procesov. RFID ako forma pre plnoautomatickú vrstvu získavania dát pre systém merania kvality poštových služieb AMQM TM ( Automated mail quality measurement). Popis fungovania systému AMQM TM, AMQM TM @End a systému A...

Full description

Saved in:
Bibliographic Details
Main Author: Vaculík, Juraj
Format: Book Chapter
Language:Slovak
Subjects:
Tags: Add Tag
No Tags, Be the first to tag this record!

MARC

LEADER 00000naa$a2200000$$$4500
001 0073809
005 20231128134534.4
041 0 |a slo 
044 |a CZ 
245 1 0 |a Nové prvky v poštovej logistike  |c Juraj Vaculík 
520 |a Využitie RFID technológie v oblasti merania kvality služieb poštových logistických procesov. RFID ako forma pre plnoautomatickú vrstvu získavania dát pre systém merania kvality poštových služieb AMQM TM ( Automated mail quality measurement). Popis fungovania systému AMQM TM, AMQM TM @End a systému AMQM TM @ Track. 
610 2 0 |a technológie nové 
610 2 0 |a technológie informačné 
610 2 0 |a technológie komunikačné 
610 2 0 |a logistika 
610 2 0 |a pošty 
610 2 0 |a služby poštové 
610 2 0 |a zásielky poštové 
610 2 0 |a kvalita 
100 1 |a Vaculík, Juraj